Statistics for Oregon Counties

Click here to take the quiz!

General Stats

  • This quiz has been taken 127 times
    (123 since last reset)
  • The average score is 23 of 36

Answer Stats

Answer% Correct
Washington
90%
Lincoln
84%
Clackamas
79%
Lane
75%
Linn
75%
Multnomah
75%
Jackson
73%
Coos
71%
Deschutes
71%
Lake
71%
Tillamook
71%
Benton
68%
Clatsop
67%
Hood River
67%
Klamath
67%
Malheur
67%
Josephine
64%
Baker
63%
Marion
63%
Columbia
62%
Harney
62%
Umatilla
62%
Yamhill
62%
Grant
60%
Douglas
59%
Jefferson
59%
Polk
58%
Wasco
58%
Curry
55%
Crook
52%
Union
52%
Wallowa
52%
Wheeler
45%
Gilliam
42%
Sherman
42%
Morrow
38%

Score Distribution

Percentile by Number Answered

Percent of People with Each Score

Your Score History

You have not taken this quiz since the last reset